| 000 | 01081aab a2200241 i 4500 | ||
|---|---|---|---|
| 001 | 768714001 | ||
| 003 | CO-MdFUSB | ||
| 005 | 20240808165813.0 | ||
| 008 | 240808t2001 -us||||| |||| 00| 0 eng d | ||
| 040 |
_bspa _cCO-MdFUSB |
||
| 041 | _aeng | ||
| 100 | 1 |
_aGrayson, James Huntley _eautor |
|
| 245 | 1 | 0 |
_aCultural encounter : _bKorean protestantism and other religious traditions _c/ James Huntley Grayson |
| 520 | _aSudán, Nigeria y Turkmenistán obtienen un 7, la categoría más baja en libertad religiosa según el autor, lo que indica que las violaciones de la libertad religiosa en todo el mundo son masivas, generalizadas y, en los últimos cinco años, están aumentando. | ||
| 546 | _aTexto en inglés. | ||
| 650 | 0 |
_aCristianismo y otras religiones _91247 |
|
| 650 | 0 |
_aProtestantismo _9947 |
|
| 650 | 0 |
_aConversión _9950 |
|
| 650 | 7 |
_aAntropología cultural y social _96714 |
|
| 773 | 0 |
_tInternational Bulletin _049483 _960997 _gVolumen 25, (número 2, 2001), páginas: 66 - 72 _qpágina: 66 |
|
| 942 | _cANA | ||
| 945 | _aCatherine Arias Álvarez - Practicante SENA | ||
| 999 |
_c57254 _d57254 |
||